| 000 | 00444nam a22001817a 4500 | ||
|---|---|---|---|
| 003 | OSt | ||
| 005 | 20250402121102.0 | ||
| 008 | 250402b |||||||| |||| 00| 0 eng d | ||
| 040 | _cMRSPTU | ||
| 041 | _aENG | ||
| 082 |
_a720 _bDE-A |
||
| 100 | _aDeshpande, Jayashree | ||
| 245 | _aArchiving Architectural Thesis 2020 | ||
| 260 |
_aNew Delhi _bCouncil of Architecture _c2021 |
||
| 300 | _a163 | ||
| 650 | _aArchitecture | ||
| 942 |
_2ddc _cBK _n0 |
||
| 999 |
_c10498 _d10498 |
||